Who? : Albert Einstein (Record no. 7094)
[ view plain ]
| 000 -LEADER | |
|---|---|
| fixed length control field | 00563nam a22002057a 4500 |
| 003 - CONTROL NUMBER IDENTIFIER | |
| control field | OSt |
| 005 - DATE AND TIME OF LATEST TRANSACTION | |
| control field | 20230728135304.0 |
| 008 - FIXED-LENGTH DATA ELEMENTS--GENERAL INFORMATION | |
| fixed length control field | 130719t xxu||||| |||| 00| 0 eng d |
| 020 ## - INTERNATIONAL STANDARD BOOK NUMBER | |
| International Standard Book Number | 9788963704401 |
| 050 ## - LIBRARY OF CONGRESS CALL NUMBER | |
| Classification number | QC 16 |
| Item number | .A36 2013 |
| 245 ## - TITLE STATEMENT | |
| Title | Who? : Albert Einstein |
| Remainder of title | Ahn, Hyungmo |
| 260 ## - PUBLICATION, DISTRIBUTION, ETC. (IMPRINT) | |
| Place of publication, distribution, etc | South Korea |
| Date of publication, distribution, etc | c2013. |
| 300 ## - PHYSICAL DESCRIPTION | |
| Extent | 173 p. ; |
| Other physical details | ill. col. ; |
| Dimensions | 28 cm. |
| Accompanying material | with 2 audio cd. |
| 500 ## - GENERAL NOTE | |
| General note | In English and Korean text. |
| 562 ## - COPY AND VERSION IDENTIFICATION NOTE | |
| Number of copies | 1 |
| 610 ## - SUBJECT ADDED ENTRY--CORPORATE NAME | |
| Corporate name or jurisdiction name as entry element | Language and languages |
| 9 (RLIN) | 2017 |
| 610 ## - SUBJECT ADDED ENTRY--CORPORATE NAME | |
| Corporate name or jurisdiction name as entry element | Einstein, Albert. |
| 9 (RLIN) | 2018 |
| 942 ## - ADDED ENTRY ELEMENTS (KOHA) | |
| Source of classification or shelving scheme | Library of Congress Classification |
| Koha item type | Books |
| Withdrawn status | Lost status | Source of classification or shelving scheme | Damaged status | Home library | Current library | Shelving location | Date acquired | Source of acquisition | Total Checkouts | Full call number | Barcode | Date last seen | Copy number | Price effective from | Koha item type |
|---|---|---|---|---|---|---|---|---|---|---|---|---|---|---|---|
| Library of Congress Classification | Luxembourg Library | Luxembourg Library | Teachers Reference Section | 07/19/2013 | Donation | QC 16 .A36 2013 | 7574 | 08/13/2013 | 1 | 07/19/2013 | Books |